000 01056nam a2200277Ia 4500
003 OSt
005 20221005110104.0
006 a|||||r|||| 00| 0
007 ta
008 221004b |||||||| |||| 00| 0 hin d
020 _a9788126018364 (hbk)
_cINR 250.00
024 _a37337
037 _bBW/1663, 14/03/2018, Bookwell
_cTextual
040 _aCRL
_cCRL
_bhin
041 _2hin
_ahin
082 _aO123,1N04x, 152Q4
100 _aचन्द्रबली सिंह, ले.
245 0 _aपाब्लो नेरूदा कविता संचयन
246 _aPāblo nerūdā kavitā sanchayana
260 _aनई दिल्ली
_bसाहित्य अकादेमी भारत
_c2014
300 _a311पृ0
_ccm.
650 _a स्पैनिश साहित्य
650 _aस्पैनिश कविता
942 _hO123,1N04x, 152Q4
_cTEXL
_2cc
999 _c1017761
_d1017761